000 00478nam 22001693 4500
001 200887
090 _a200887
100 _a20260302d u||y0pory50 ba
200 _aJustino Alves
_eo pintor e sua filosofia
_fY.K.Centeno
210 _aLisboa
_cImprensa Nacional - Casa da Moeda
_d1985
215 _a79 p.
_cBrochado
_d24 cm
606 _914033
_aPintura
675 _a75
_vPT
_zpor
700 _916581
_aCenteno
_bY.K.
801 _aPT
_bBMMN
_gRPC
830 _cFernando
_fFernando
990 _cLIVROS